[Event "Gatwick e2e4 Masters-A"]
[Site "Crawley"]
[Date "2012.08.22"]
[Round "9"]
[White "Jackson, James P"]
[Black "White, Michael JR"]
[Result "1/2-1/2"]
[WhiteElo "2126"]
[BlackElo "2346"]
[PlyCount "83"]
[EventDate "2012.08.18"]
[EventType "tourn"]
[EventRounds "9"]
[EventCountry "ENG"]
[EventCategory "1"]
[SourceTitle "CBM 150 Extra"]
[Source "ChessBase"]
[SourceDate "2012.10.19"]
[SourceVersion "1"]
[SourceVersionDate "2012.10.19"]
[SourceQuality "1"]

1. e4 e5 2. Nf3 Nc6 3. Nc3 Nf6 4. g3 d5 5. exd5 Nxd5 6. Bg2 Nxc3 7. bxc3 Bd6 8. 0-0 0-0 9. d3 h6 10. Rb1 Rb8 11. Nd2 Be6 12. c4 f5 13. Bb2 Re8 14. Bc3 Qc8 15. Re1 Bf7 16. Nf1 Qd7 17. Bh3 b6 18. Ne3 g6 19. Bg2 Bf8 20. Nd5 Bg7 21. Qd2 Re6 22. Re2 Rbe8 23. Rbe1 Nd4 24. Bxd4 exd4 25. Rxe6 Rxe6 26. Rxe6 Bxe6 27. Nf4 Kh7 28. Qe2 Bg8 29. Bd5 Bxd5 30. Nxd5 b5 31. Qe7 Qxe7 32. Nxe7 bxc4 33. dxc4 c5 34. Nc6 a6 35. Nb8 Be5 36. Nd7 Bd6 37. Nf6+ Kh8 38. Kf1 Be5 39. Nd7 Bd6 40. Nf6 Be5 41. Nd7 Bd6 42. Nf6 1/2-1/2

[Event "Gatwick e2e4 Masters-A"]
[Site "Crawley"]
[Date "2012.08.19"]
[Round "2"]
[White "White, Michael JR"]
[Black "Eggleston, David"]
[Result "1/2-1/2"]
[WhiteElo "2346"]
[BlackElo "2364"]
[PlyCount "106"]
[EventDate "2012.08.18"]
[EventType "tourn"]
[EventRounds "9"]
[EventCountry "ENG"]
[EventCategory "1"]
[SourceTitle "CBM 150 Extra"]
[Source "ChessBase"]
[SourceDate "2012.10.19"]
[SourceVersion "1"]
[SourceVersionDate "2012.10.19"]
[SourceQuality "1"]

1. e4 e6 2. d4 d5 3. Nd2 Be7 4. Ngf3 Nf6 5. Bd3 c5 6. c3 cxd4 7. cxd4 dxe4 8. Nxe4 Nc6 9. 0-0 0-0 10. Be3 Nb4 11. Nxf6+ Bxf6 12. Be4 Nd5 13. Qd3 g6 14. Bh6 Re8 15. Ne5 b6 16. Qf3 Bxe5 17. dxe5 Qh4 18. Bd2 Bb7 19. g3 Qh3 20. Qe2 Rac8 21. Rac1 Rb8 22. Rc2 Ne7 23. f3 Qh5 24. Bf4 Bxe4 25. g4 Qh3 26. fxe4 Rbc8 27. Rd2 Nc6 28. Rd3 Qh4 29. g5 Red8 30. Rd6 Rxd6 31. exd6 e5 32. Bg3 Qh3 33. Qc4 Qd7 34. Qd5 Re8 35. Rc1 Rc8 36. Bxe5 Nxe5 37. Rxc8+ Qxc8 38. Qxe5 Qc1+ 39. Kg2 Qd2+ 40. Kh3 Qe3+ 41. Kg4 Qe2+ 42. Kh4 Qe1+ 43. Kh3 Qe3+ 44. Qg3 Qxe4 45. d7 Qf5+ 46. Qg4 Qf1+ 47. Kg3 Qg1+ 48. Kf3 Qd1+ 49. Kf4 Qd4+ 50. Kg3 Qg1+ 51. Kh3 Qf1+ 52. Kh4 Qf2+ 53. Qg3 Qd4+ 1/2-1/2

[Event "Vlissingen HZ op 16th"]
[Site "Vlissingen"]
[Date "2012.08.05"]
[Round "3"]
[White "Reinderman, Dimitri"]
[Black "White, Michael JR"]
[Result "1-0"]
[WhiteElo "2583"]
[BlackElo "2346"]
[PlyCount "89"]
[EventDate "2012.08.04"]
[EventType "swiss"]
[EventRounds "9"]
[EventCountry "NED"]
[SourceTitle "CBM 149 Extra"]
[Source "ChessBase"]
[SourceDate "2012.08.24"]
[SourceVersion "1"]
[SourceVersionDate "2012.08.24"]
[SourceQuality "1"]

1. c4 b6 2. Nc3 Bb7 3. e4 e6 4. Nge2 f5 5. exf5 exf5 6. d4 Nf6 7. a3 g6 8. d5 Na6 9. g3 Nc5 10. Bg2 Bg7 11. 0-0 0-0 12. f3 a5 13. Be3 Qe7 14. Bf2 Qf7 15. b4 axb4 16. axb4 Rxa1 17. Qxa1 Ra8 18. Qd1 Na6 19. Qb3 Bf8 20. b5 Nc5 21. Qb1 Ne8 22. f4 Nd6 23. Bxc5 bxc5 24. Qb3 Qe7 25. Rf3 Bg7 26. Bf1 h6 27. Rd3 Kh7 28. h4 Bf6 29. Bg2 g5 30. hxg5 hxg5 31. fxg5 Bxg5 32. Bf3 Kg6 33. Nd1 Ne4 34. Nf2 Nd2 35. Qc2 Ra1+ 36. Kg2 Nxf3 37. Rxf3 Qe5 38. g4 Re1 39. Ng3 c6 40. Rxf5 Qa1 41. Re5+ Kh6 42. Nf5+ Kh7 43. Nd6+ Kh8 44. Rxg5 Rg1+ 45. Kh2 1-0

[Event "Paris-ch op-A 87th"]
[Site "Paris"]
[Date "2012.07.14"]
[Round "8"]
[White "White, Michael JR"]
[Black "D'Costa, Lorin AR"]
[Result "1/2-1/2"]
[WhiteElo "2339"]
[BlackElo "2434"]
[PlyCount "55"]
[EventDate "2012.07.07"]
[EventType "swiss"]
[EventRounds "9"]
[EventCountry "FRA"]
[SourceTitle "CBM 149 Extra"]
[Source "ChessBase"]
[SourceDate "2012.08.24"]
[SourceVersion "1"]
[SourceVersionDate "2012.08.24"]
[SourceQuality "1"]

1. e4 e6 2. d4 d5 3. Nd2 dxe4 4. Nxe4 Bd7 5. Nf3 Bc6 6. Bd3 Nd7 7. 0-0 Ngf6 8. Neg5 Bxf3 9. Qxf3 c6 10. c4 Be7 11. Re1 0-0 12. Qh3 g6 13. Re3 Re8 14. Bd2 Nf8 15. Rf3 a5 16. a3 c5 17. dxc5 Bxc5 18. Rd1 Bd4 19. b4 axb4 20. Bxb4 Kg7 21. Nxf7 Kxf7 22. Bxf8 Kxf8 23. Qxh7 Qe7 24. Qh8+ Kf7 25. Qh7+ Kf8 26. Qh8+ Kf7 27. Qh7+ Kf8 28. Qh8+ 1/2-1/2

[Event "Paris-ch op-A 87th"]
[Site "Paris"]
[Date "2012.07.10"]
[Round "4"]
[White "White, Michael JR"]
[Black "Renet, Olivier"]
[Result "0-1"]
[WhiteElo "2339"]
[BlackElo "2472"]
[PlyCount "126"]
[EventDate "2012.07.07"]
[EventType "swiss"]
[EventRounds "9"]
[EventCountry "FRA"]
[SourceTitle "CBM 149 Extra"]
[Source "ChessBase"]
[SourceDate "2012.08.24"]
[SourceVersion "1"]
[SourceVersionDate "2012.08.24"]
[SourceQuality "1"]

1. e4 c5 2. Nf3 e6 3. Nc3 Nc6 4. d4 cxd4 5. Nxd4 d6 6. g4 h6 7. Bg2 a6 8. Be3 Nf6 9. h3 Be7 10. f4 Nd7 11. 0-0 0-0 12. b3 Qc7 13. Nce2 Nc5 14. c4 Bd7 15. Qd2 Rad8 16. b4 Nxd4 17. Bxd4 Bc6 18. Ng3 e5 19. Be3 Ne6 20. f5 Nf4 21. a3 g5 22. Rfd1 b5 23. Rac1 Qb7 24. Rc2 bxc4 25. Rxc4 Bb5 26. Rc3 Rc8 27. Rdc1 Rxc3 28. Qxc3 Bd8 29. Qc8 Qe7 30. Qb8 Qd7 31. Bf1 Bxf1 32. Kxf1 d5 33. Qxe5 Nd3 34. Qxd5 Qxd5 35. exd5 Nxc1 36. Bxc1 Re8 37. Kf2 Bc7 38. Ne2 Rd8 39. Nc3 Be5 40. Bd2 f6 41. Ke3 Kf7 42. Ke4 Re8 43. Kd3 h5 44. a4 hxg4 45. hxg4 Rh8 46. b5 axb5 47. axb5 Rh4 48. Ne4 Rxg4 49. b6 Rh4 50. d6 Rh8 51. Kc4 g4 52. Kd5 g3 53. b7 g2 54. Be3 Bh2 55. Kc6 g1Q 56. Bxg1 Bxg1 57. Nc5 Bxc5 58. Kxc5 Rb8 59. Kc6 Ke8 60. Kc7 Rxb7+ 61. Kxb7 Kd7 62. Kb6 Kxd6 63. Kb5 Ke5 0-1

[Event "London e2e4 Diamond Jubilee op"]
[Site "London"]
[Date "2012.06.06"]
[Round "8"]
[White "White, Michael JR"]
[Black "Sipila, Vilka"]
[Result "0-1"]
[WhiteElo "2272"]
[BlackElo "2393"]
[PlyCount "136"]
[EventDate "2012.06.02"]
[EventType "swiss"]
[EventRounds "9"]
[EventCountry "ENG"]
[SourceTitle "CBM 148 Extra"]
[Source "ChessBase"]
[SourceDate "2012.06.22"]
[SourceVersion "1"]
[SourceVersionDate "2012.06.22"]
[SourceQuality "1"]

1. e4 b6 2. d4 Bb7 3. Bd3 e6 4. Nf3 Nf6 5. Qe2 d5 6. e5 Nfd7 7. Nbd2 c5 8. c3 Nc6 9. Nf1 cxd4 10. cxd4 Nb4 11. Bb5 Rc8 12. Ne3 a6 13. a3 axb5 14. axb4 Bxb4+ 15. Bd2 Bxd2+ 16. Nxd2 b4 17. 0-0 Qe7 18. f4 0-0 19. Ra7 Rc7 20. g4 f6 21. Nf3 fxe5 22. fxe5 Nb8 23. Qb5 Rc6 24. h4 h6 25. Ng2 Qc7 26. Qxb4 Rc1 27. Ra3 Rxf1+ 28. Kxf1 Qc4+ 29. Qxc4 dxc4 30. Kf2 b5 31. Nge1 Bd5 32. Ke3 Nc6 33. Ra6 Nb4 34. Ra5 Bc6 35. g5 Rb8 36. Nd2 hxg5 37. hxg5 Kh7 38. Ra7 Kg6 39. Nef3 Rd8 40. Kf4 Nd3+ 41. Kg4 Nxb2 42. Re7 Bd5 43. Nh4+ Kh7 44. Nf1 Be4 45. Ng3 Bd3 46. g6+ Kh6 47. Rxe6 Rxd4+ 48. Kh3 Rxh4+ 49. Kxh4 c3 50. Rc6 c2 51. e6 Kxg6 52. Ne2 Kf6 53. Kg3 Bc4 54. Nc1 Nd3 55. Ne2 c1Q 56. Nxc1 Nxc1 57. Kf4 Nd3+ 58. Ke3 Ne5 59. Rb6 Nd3 60. Kd4 Nf4 61. Kc5 Nxe6+ 62. Kd6 g5 63. Rb8 g4 64. Rg8 Ng5 65. Rf8+ Nf7+ 66. Kc5 g3 67. Rg8 Ng5 68. Rf8+ Ke5 0-1

[Event "London e2e4 Diamond Jubilee op"]
[Site "London"]
[Date "2012.06.05"]
[Round "6"]
[White "White, Michael JR"]
[Black "Bennett, Dominic"]
[Result "1-0"]
[WhiteElo "2272"]
[BlackElo "2072"]
[PlyCount "43"]
[EventDate "2012.06.02"]
[EventType "swiss"]
[EventRounds "9"]
[EventCountry "ENG"]
[SourceTitle "CBM 148 Extra"]
[Source "ChessBase"]
[SourceDate "2012.06.22"]
[SourceVersion "1"]
[SourceVersionDate "2012.06.22"]
[SourceQuality "1"]

1. e4 c5 2. Nf3 e6 3. Nc3 a6 4. d4 cxd4 5. Nxd4 Nc6 6. Be3 Nf6 7. Bd3 Bb4 8. 0-0 Ne5 9. Kh1 d5 10. Bg5 0-0 11. exd5 Bxc3 12. bxc3 Nxd3 13. cxd3 Qxd5 14. f4 b5 15. Bxf6 gxf6 16. Qg4+ Kh8 17. Qh4 Kg7 18. Rf3 Re8 19. Rg3+ Kf8 20. Qxf6 Bb7 21. f5 exf5 22. Nxf5 1-0

[Event "BCF-chTb 1112 (4NCL)"]
[Site "England"]
[Date "2012.03.31"]
[Round "7.74"]
[White "White, Michael JR"]
[Black "Cox, John J"]
[Result "1-0"]
[WhiteElo "2229"]
[BlackElo "2411"]
[PlyCount "77"]
[EventDate "2011.11.12"]
[EventType "team-tourn"]
[EventRounds "7"]
[EventCountry "ENG"]
[SourceTitle "EXT 2013"]
[Source "ChessBase"]
[SourceDate "2012.11.22"]
[SourceVersion "1"]
[SourceVersionDate "2012.11.22"]
[SourceQuality "1"]
[WhiteTeam "Oxford"]
[BlackTeam "Barbican"]
[WhiteTeamCountry "ENG"]
[BlackTeamCountry "ENG"]

1. e4 e5 2. Nf3 Nc6 3. d4 exd4 4. Nxd4 Nf6 5. Nxc6 bxc6 6. e5 Qe7 7. Qe2 Nd5 8. c4 Ba6 9. b3 g6 10. g3 Bg7 11. Bb2 0-0 12. Bg2 Rae8 13. 0-0 Bxe5 14. Bxe5 Qxe5 15. Qxe5 Rxe5 16. cxd5 Bxf1 17. Kxf1 cxd5 18. Nc3 c6 19. Rd1 Rfe8 20. Bf3 Kf8 21. Ne2 Ke7 22. Rd4 Kd6 23. Ra4 Ra8 24. b4 Kc7 25. Nd4 Kb6 26. Be2 Rae8 27. f3 Re3 28. Kf2 Rc3 29. Ra5 Rc1 30. Bf1 Rb1 31. Nb3 Rb2+ 32. Kg1 Re1 33. Ra6+ Kb7 34. Nc5+ Ka8 35. Nd3 Rxf1+ 36. Kxf1 Rxh2 37. Ne5 Kb7 38. Ra5 Rb2 39. a3 1-0

[Event "Brighton e2e4 Masters"]
[Site "Brighton"]
[Date "2012.02.19"]
[Round "9"]
[White "Rudd, Jack"]
[Black "White, Michael JR"]
[Result "0-1"]
[WhiteElo "2300"]
[BlackElo "2229"]
[PlyCount "86"]
[EventDate "2012.02.15"]
[EventType "tourn"]
[EventRounds "9"]
[EventCountry "ENG"]
[EventCategory "2"]
[SourceTitle "CBM 147 Extra"]
[Source "ChessBase"]
[SourceDate "2012.04.24"]
[SourceVersion "1"]
[SourceVersionDate "2012.04.24"]
[SourceQuality "1"]

1. e4 c5 2. Nf3 Nc6 3. d4 cxd4 4. Nxd4 Nf6 5. Nc3 e5 6. Ndb5 d6 7. Bg5 a6 8. Na3 b5 9. Nd5 Be7 10. Bxf6 Bxf6 11. c3 0-0 12. Nc2 Bg5 13. a4 bxa4 14. Rxa4 a5 15. Be2 Rb8 16. b4 Be6 17. 0-0 g6 18. b5 Ne7 19. Nxe7+ Bxe7 20. Ne3 f5 21. Nd5 fxe4 22. Rxe4 Kh8 23. Ra4 Bg5 24. c4 Rc8 25. Bf3 Rc5 26. Qd3 Qc8 27. g3 Bd8 28. Ne3 Rxf3 29. Qxd6 Bg5 30. Nd5 Bxd5 31. cxd5 Rxb5 32. Qxe5+ Bf6 33. Qe2 Rfb3 34. Rf4 Qd8 35. Qe6 Rb6 36. Qf7 Qe7 37. Qxe7 Bxe7 38. Rf7 Bd6 39. Rd7 Rb1 40. Rxb1 Rxb1+ 41. Kg2 Bb4 42. Kf3 a4 43. Kg4 a3 0-1

[Event "Brighton e2e4 Masters"]
[Site "Brighton"]
[Date "2012.02.17"]
[Round "4"]
[White "White, Michael JR"]
[Black "Rausis, Igors"]
[Result "1-0"]
[WhiteElo "2229"]
[BlackElo "2498"]
[PlyCount "57"]
[EventDate "2012.02.15"]
[EventType "tourn"]
[EventRounds "9"]
[EventCountry "ENG"]
[EventCategory "2"]
[SourceTitle "CBM 147 Extra"]
[Source "ChessBase"]
[SourceDate "2012.04.24"]
[SourceVersion "1"]
[SourceVersionDate "2012.04.24"]
[SourceQuality "1"]

1. e4 d6 2. d4 Nf6 3. Nc3 e5 4. Nf3 Nbd7 5. g4 Nxg4 6. Rg1 exd4 7. Nxd4 Nde5 8. h3 Nf6 9. f4 Ng6 10. Qf3 c5 11. Nb3 Bd7 12. Be3 Bc6 13. 0-0-0 Qb6 14. Bc4 Be7 15. Nd2 Rf8 16. Qe2 0-0-0 17. f5 Ne5 18. Rxg7 Rg8 19. Rxf7 Nxf7 20. Bxf7 Rg3 21. Bf4 Rxh3 22. Nc4 Qa6 23. e5 Bf3 24. Qf1 Bxd1 25. exf6 Bxf6 26. Qxh3 Bxc3 27. Qxc3 Bg4 28. Qf6 Kc7 29. Be6 1-0

[Event "Brighton e2e4 Masters"]
[Site "Brighton"]
[Date "2012.02.16"]
[Round "2"]
[White "White, Michael JR"]
[Black "Willmoth, Robert"]
[Result "1-0"]
[WhiteElo "2229"]
[BlackElo "2154"]
[PlyCount "47"]
[EventDate "2012.02.15"]
[EventType "tourn"]
[EventRounds "9"]
[EventCountry "ENG"]
[EventCategory "2"]
[SourceTitle "CBM 147 Extra"]
[Source "ChessBase"]
[SourceDate "2012.04.24"]
[SourceVersion "1"]
[SourceVersionDate "2012.04.24"]
[SourceQuality "1"]

1. e4 e6 2. d4 d5 3. Nd2 c5 4. c3 cxd4 5. cxd4 Nc6 6. Ngf3 dxe4 7. Nxe4 Be7 8. Bd3 Nf6 9. 0-0 0-0 10. Nc3 b6 11. Re1 Bb7 12. a3 Rc8 13. Bc2 h6 14. Qd3 Re8 15. Bf4 Bf8 16. Rad1 g6 17. Bb3 Ne7 18. Ne5 Nfd5 19. Bd2 Bg7 20. Ne4 a6 21. Qh3 f5 22. Bxh6 Bxh6 23. Qxh6 fxe4 24. Rxe4 1-0

[Event "BCF-chTb 1112 (4NCL)"]
[Site "England"]
[Date "2012.01.15"]
[Round "4.86"]
[White "White, Michael JR"]
[Black "Osborne, Marcus E"]
[Result "1-0"]
[WhiteElo "2229"]
[BlackElo "2255"]
[PlyCount "67"]
[EventDate "2011.11.12"]
[EventType "team-tourn"]
[EventRounds "7"]
[EventCountry "ENG"]
[SourceTitle "EXT 2013"]
[Source "ChessBase"]
[SourceDate "2012.11.22"]
[SourceVersion "1"]
[SourceVersionDate "2012.11.22"]
[SourceQuality "1"]
[WhiteTeam "Oxford"]
[BlackTeam "Guildford II"]
[WhiteTeamCountry "ENG"]
[BlackTeamCountry "ENG"]

1. e4 c5 2. Nf3 Nc6 3. d4 cxd4 4. Nxd4 g6 5. c4 Bg7 6. Nc2 b6 7. Be2 Ba6 8. 0-0 Rc8 9. Nba3 Nf6 10. f3 0-0 11. Bg5 Qc7 12. Qd2 e6 13. Rac1 Ne7 14. Nb4 Bb7 15. Nb5 Qb8 16. Nd6 Rc5 17. Nxb7 Qxb7 18. Nd3 Rxg5 19. Qxg5 d6 20. Kh1 Nc6 21. e5 dxe5 22. Nxe5 Ne4 23. fxe4 Bxe5 24. b4 Qb8 25. c5 Nd4 26. Ba6 Bxh2 27. c6 b5 28. Qc5 Qd8 29. c7 Qh4 30. Qxf8+ Kxf8 31. c8Q+ Kg7 32. Rxf7+ Kxf7 33. Qd7+ Kf6 34. Qd8+ 1-0

[Event "BCF-chTb 1112 (4NCL)"]
[Site "England"]
[Date "2012.01.14"]
[Round "3.87"]
[White "White, Michael JR"]
[Black "Van Weersel, Arlette"]
[Result "1-0"]
[WhiteElo "2229"]
[BlackElo "2189"]
[PlyCount "105"]
[EventDate "2011.11.12"]
[EventType "team-tourn"]
[EventRounds "7"]
[EventCountry "ENG"]
[SourceTitle "EXT 2013"]
[Source "ChessBase"]
[SourceDate "2012.11.22"]
[SourceVersion "1"]
[SourceVersionDate "2012.11.22"]
[SourceQuality "1"]
[WhiteTeam "Oxford"]
[BlackTeam "Cheddleton"]
[WhiteTeamCountry "ENG"]
[BlackTeamCountry "ENG"]

1. e4 e5 2. Nf3 Nc6 3. d4 exd4 4. Nxd4 Qf6 5. Be3 Bc5 6. c3 d6 7. Bc4 Ne5 8. Be2 Qg6 9. 0-0 Bh3 10. Bf3 Nxf3+ 11. Qxf3 Bg4 12. Qg3 Nf6 13. Nd2 Bd7 14. f3 Qxg3 15. hxg3 0-0 16. Nc2 Bxe3+ 17. Nxe3 Rfe8 18. g4 h6 19. Kf2 Bc6 20. c4 a5 21. Nd5 Bxd5 22. cxd5 Nd7 23. Rac1 Nc5 24. Rc3 Re7 25. Rfc1 g6 26. Nb3 b6 27. Nd4 Kg7 28. b3 Rh8 29. a3 h5 30. b4 axb4 31. axb4 Nxe4+ 32. fxe4 Rxe4 33. Rd3 Rf4+ 34. Kg1 Rxg4 35. Rxc7 Re8 36. Kf2 Rf4+ 37. Kg3 Rg4+ 38. Kf3 Ree4 39. Ne6+ Kf6 40. Nd8 g5 41. Rxf7+ Kg6 42. Re3 Rxe3+ 43. Kxe3 Rxg2 44. Rd7 Kf6 45. Rxd6+ Ke5 46. Nf7+ Kf5 47. Rxb6 Rg1 48. Rh6 Ra1 49. d6 Ra7 50. Rh7 Kf6 51. Nxg5 Ra3+ 52. Kf4 Ra4 53. d7 1-0

[Event "London Classic op"]
[Site "London"]
[Date "2011.12.11"]
[Round "9"]
[White "Bates, Richard"]
[Black "White, Michael JR"]
[Result "1-0"]
[WhiteElo "2386"]
[BlackElo "2214"]
[PlyCount "95"]
[EventDate "2011.12.03"]
[EventType "swiss"]
[EventRounds "9"]
[EventCountry "ENG"]
[SourceTitle "CBM 145 Extra"]
[Source "ChessBase"]
[SourceDate "2012.01.03"]
[SourceVersion "1"]
[SourceVersionDate "2012.01.03"]
[SourceQuality "1"]

1. d4 Nf6 2. Nf3 g6 3. g3 Bg7 4. Bg2 0-0 5. 0-0 d5 6. c4 dxc4 7. Na3 c3 8. bxc3 c5 9. e3 Nc6 10. Qe2 Nd5 11. Bb2 Nb6 12. Rac1 Qd5 13. c4 Qh5 14. d5 Ne5 15. Bxe5 Bxe5 16. Qc2 Bg7 17. Ne1 Bh3 18. f4 Bxg2 19. Qxg2 Qf5 20. e4 Qd7 21. e5 f6 22. e6 Qa4 23. Rf3 f5 24. Rb3 Nc8 25. Nb5 Qa5 26. Ra3 Qb6 27. Nd3 Nd6 28. Nxd6 Qxd6 29. Rb3 Bd4+ 30. Kf1 Rfb8 31. Rcb1 b6 32. Qe2 a6 33. Ne5 Bxe5 34. Qxe5 Qd8 35. a4 Ra7 36. a5 b5 37. cxb5 axb5 38. Rxb5 Rc8 39. Rb8 Ra8 40. R8b7 Rxa5 41. Rd7 Qf8 42. d6 exd6 43. Qd5 Re8 44. Rb8 c4 45. Qxa5 Rxb8 46. e7 Rb1+ 47. Ke2 Rb2+ 48. Kd1 1-0

[Event "London Classic op"]
[Site "London"]
[Date "2011.12.06"]
[Round "4"]
[White "White, Michael JR"]
[Black "Seymour, Timothy P"]
[Result "1-0"]
[WhiteElo "2214"]
[BlackElo "2033"]
[PlyCount "65"]
[EventDate "2011.12.03"]
[EventType "swiss"]
[EventRounds "9"]
[EventCountry "ENG"]
[SourceTitle "CBM 145 Extra"]
[Source "ChessBase"]
[SourceDate "2012.01.03"]
[SourceVersion "1"]
[SourceVersionDate "2012.01.03"]
[SourceQuality "1"]

1. d4 e6 2. e4 d5 3. e5 c5 4. c3 Qb6 5. Nf3 Nc6 6. a3 Nh6 7. b4 cxd4 8. cxd4 Nf5 9. Bb2 Bd7 10. Be2 Be7 11. 0-0 0-0 12. Qd2 f6 13. g4 Nh6 14. exf6 Rxf6 15. g5 Rxf3 16. Bxf3 Nf5 17. Bg4 Ncxd4 18. Rd1 e5 19. Nc3 Qc6 20. Ne2 Rf8 21. Bxd4 exd4 22. Nxd4 Nxd4 23. Qxd4 Bxg4 24. Qxg4 Qc2 25. Qd4 Rf5 26. h4 Bd6 27. Rd2 Qc8 28. Qg4 Qf8 29. Rad1 Qf7 30. Qg2 Bc7 31. Rxd5 Rf4 32. Rd8+ Bxd8 33. Rxd8+ 1-0

[Event "Sunningdale e2e4 Masters-D"]
[Site "Sunningdale"]
[Date "2011.08.13"]
[Round "6"]
[White "Williams, Simon Kim"]
[Black "White, Michael JR"]
[Result "1-0"]
[WhiteElo "2528"]
[BlackElo "2241"]
[PlyCount "53"]
[EventDate "2011.08.10"]
[EventType "tourn"]
[EventRounds "9"]
[EventCountry "ENG"]
[EventCategory "1"]
[SourceTitle "CBM 143 Extra"]
[Source "ChessBase"]
[SourceDate "2011.08.29"]
[SourceVersion "1"]
[SourceVersionDate "2011.08.29"]
[SourceQuality "1"]

1. e4 c5 2. c3 d5 3. exd5 Qxd5 4. d4 Nc6 5. Nf3 Bg4 6. Be2 cxd4 7. cxd4 e6 8. h3 Bh5 9. Nc3 Qa5 10. d5 exd5 11. Nd4 Bxe2 12. Qxe2+ Be7 13. Nxc6 bxc6 14. 0-0 Kf8 15. Re1 Re8 16. Bd2 Qd8 17. Na4 Nf6 18. Rac1 Qd7 19. Qa6 Ne4 20. Be3 d4 21. Qd3 c5 22. b3 Nf6 23. Bg5 Qd5 24. Bxf6 gxf6 25. Nxc5 Rg8 26. g3 f5 27. Re5 1-0

[Event "BCF-chT1b 1011 (4NCL)"]
[Site "England"]
[Date "2011.01.16"]
[Round "4.18"]
[White "Sugden, John N"]
[Black "White, Michael JR"]
[Result "0-1"]
[WhiteElo "2193"]
[BlackElo "2247"]
[PlyCount "78"]
[EventDate "2010.11.06"]
[EventType "team-tourn"]
[EventRounds "7"]
[EventCountry "ENG"]
[SourceTitle "EXT 2012"]
[Source "ChessBase"]
[SourceDate "2011.11.24"]
[SourceVersion "1"]
[SourceVersionDate "2011.11.24"]
[SourceQuality "1"]
[WhiteTeam "e2e4.org.uk"]
[BlackTeam "Oxford"]
[WhiteTeamCountry "ENG"]
[BlackTeamCountry "ENG"]

1. e4 c5 2. Nc3 Nc6 3. g3 g6 4. Bg2 Bg7 5. d3 d6 6. f4 e6 7. Nf3 Nge7 8. 0-0 0-0 9. Bd2 Rb8 10. Rb1 b5 11. a3 a5 12. a4 bxa4 13. Nxa4 Bd7 14. b3 e5 15. fxe5 Nxe5 16. Nxe5 Bxe5 17. Bh6 Re8 18. Bf4 Bd4+ 19. Kh1 Bxa4 20. bxa4 Qd7 21. Qd2 Rxb1 22. Rxb1 Qxa4 23. Bxd6 Qa2 24. Rf1 a4 25. Bh3 Kg7 26. Qa5 Qxc2 27. Qb5 Kf8 28. Be6 f6 29. Qd7 Qc3 30. Rb1 Qxd3 31. Bxe7+ Rxe7 32. Rb8+ Kg7 33. Qxe7+ Kh6 34. Kg2 Qe2+ 35. Kh3 Kg5 36. Rb1 h6 37. Qc7 Be3 38. Rh1 a3 39. Qd6 Qg2+ 0-1

[Event "Hastings Masters op 86th"]
[Site "Hastings"]
[Date "2011.01.03"]
[Round "7"]
[White "White, Michael JR"]
[Black "Helbig, Paul"]
[Result "1-0"]
[WhiteElo "2247"]
[BlackElo "2115"]
[PlyCount "65"]
[EventDate "2010.12.28"]
[EventType "swiss"]
[EventRounds "9"]
[EventCountry "ENG"]
[SourceTitle "CBM 140 Extra"]
[Source "ChessBase"]
[SourceDate "2011.03.01"]
[SourceVersion "1"]
[SourceVersionDate "2011.03.01"]
[SourceQuality "1"]

1. d4 Nf6 2. c4 g6 3. Nc3 Bg7 4. e4 d6 5. Be2 0-0 6. Bg5 h6 7. Be3 e5 8. d5 Nbd7 9. Qd2 Kh7 10. f3 Nh5 11. g3 f5 12. exf5 gxf5 13. g4 fxg4 14. fxg4 Qh4+ 15. Kd1 Nf4 16. Kc2 Nf6 17. Bxf4 exf4 18. Nf3 Qh3 19. Ng1 Qe3 20. Qxe3 fxe3 21. h3 c6 22. Bd3+ Kh8 23. Re1 cxd5 24. cxd5 Bd7 25. Rxe3 Rac8 26. Kd2 Rxc3 27. bxc3 Nxd5 28. Rf3 Bxc3+ 29. Kc2 Rc8 30. Kb3 Be6 31. Bf5 Nf4+ 32. Bxe6 Nxe6 33. Rxc3 1-0

[Event "Hastings Masters op 86th"]
[Site "Hastings"]
[Date "2010.12.28"]
[Round "1"]
[White "White, Michael JR"]
[Black "Das, Arghyadip"]
[Result "0-1"]
[WhiteElo "2247"]
[BlackElo "2476"]
[PlyCount "58"]
[EventDate "2010.12.28"]
[EventType "swiss"]
[EventRounds "9"]
[EventCountry "ENG"]
[SourceTitle "CBM 140 Extra"]
[Source "ChessBase"]
[SourceDate "2011.03.01"]
[SourceVersion "1"]
[SourceVersionDate "2011.03.01"]
[SourceQuality "1"]

1. e4 e6 2. d4 d5 3. Nd2 Nf6 4. e5 Nfd7 5. Ngf3 c5 6. c3 Nc6 7. Bd3 g6 8. dxc5 Nxc5 9. Nb3 Nd7 10. Bf4 Bg7 11. Qe2 Qc7 12. Bb5 0-0 13. Bxc6 bxc6 14. Qe3 c5 15. h4 Bb7 16. 0-0 a5 17. Rfe1 Rfe8 18. h5 Rab8 19. hxg6 fxg6 20. Nbd2 Qc6 21. Nh4 Rf8 22. Ndf3 Qa4 23. Bh6 Qg4 24. Bxg7 Kxg7 25. Kh2 h6 26. Qd3 Rf7 27. Rad1 Nf8 28. g3 g5 29. Rg1 d4 0-1

[Event "London Classic op"]
[Site "London"]
[Date "2010.12.13"]
[Round "7"]
[White "Yeo, Michael J"]
[Black "White, Michael JR"]
[Result "0-1"]
[WhiteElo "2183"]
[BlackElo "2247"]
[PlyCount "66"]
[EventDate "2010.12.08"]
[EventType "swiss"]
[EventRounds "9"]
[EventCountry "ENG"]
[SourceTitle "CBM 139 Extra"]
[Source "ChessBase"]
[SourceDate "2011.01.05"]
[SourceVersion "1"]
[SourceVersionDate "2011.01.05"]
[SourceQuality "1"]

1. e4 c5 2. Nf3 Nc6 3. d4 cxd4 4. Nxd4 Nf6 5. Nc3 e5 6. Ndb5 d6 7. Bg5 a6 8. Na3 b5 9. Bxf6 gxf6 10. Nd5 f5 11. Bxb5 axb5 12. Nxb5 Ra4 13. Nbc7+ Kd7 14. 0-0 Rxe4 15. Qh5 Nd4 16. c3 Ne2+ 17. Kh1 Kc6 18. Qxf7 Nf4 19. Nb4+ Kb7 20. Nba6 Bd7 21. Qb3+ Ka7 22. c4 Bc6 23. f3 Re2 24. Nb4 Bb7 25. Nb5+ Kb8 26. Nc3 Qg5 27. g3 Rxh2+ 28. Kxh2 Rg8 29. Nc6+ Kc7 30. Ne4 fxe4 31. fxe4 Bxc6 32. Rae1 Qh5+ 33. Kg1 Qh3 0-1